000 00298nam a22001337a 4500
999 _c15658
_d15658
003 OSt
008 190523b ||||| |||| 00| 0 eng d
020 _a9789388240949
082 _a371.271
245 _aBanking Awareness
260 _aNew Delhi
_bDish Publication
300 _a252 p.
942 _cBK